00944nam a22002297a 450000500170000001000140001702000260003103500130005703500130007003700130008308200100009610000230010624501050012926000390023427000770027330000260035050000190037694200240039599900170041995201350043695201430057120100812121419.0 aENG-99951 a9788132102915c225.00 aEN-83483 aG-001480 bDBAD/PUB a070.5 aCaro, Sarah934873 aHow to publish your PHD :ba practical guide for the humanities and social sciences /cby Sarah Caro aNew DelhibSage Publicationsc2009 aB1/I-1 Mohan Cooperative Industrial Area Mathura RoadbNew Delhie110044 avii,136p.c19cm (pbk) aIncludes index 2ddccENh070.5mCAR c41285d41285 001040718NFICaDBADbDBADd2010-08-12eDBAD/PUBg225.00l0o070.5 CARpEN-83483r2010-08-12 00:00:00t1v225.00w2010-08-12yEN 001040708NFICaJPbJPd2011-09-26egiftg225.00l4m1o070.5 CARpG-001480r2022-10-25 00:00:00s2022-09-27t1v1425.00w2011-09-26yEN